000
00301nam a22001457a 4500
003
SGT
020
_a
818974755-X
082
_a
615.3
_b
SHA
100
_a
SHARMA, DR. NIRMAL
245
_a
MEDICINAL PLANTS
250
_a
3RD
260
_a
INDIA
_b
BIRLA PUB.
_c
2025
300
_a
114
942
_2
ddc
_c
BK
999
_c
32986
_d
32986